American Ninja Warrior - Competitors Who Completed Stage 2 - Statistics

General Stats
  • This quiz has been taken 127 times
  • The average score is 21 of 41
Answer Stats
Hint Answer % Correct
"The Weatherman" (5, 6, 7, 9, 11) Joe Moravsky
88%
Season 7 Rookie of the Year "The Kingdom Ninja" (8, 11) Daniel Gil
84%
"The Papal Ninja" (9, 10) Sean Bryan
81%
1 of 3 American Ninja Warriors, Wolfpack Member (7) Isaac Caldiero
79%
"The Phoenix" (9) Najee Richardson
76%
Has Competed Every Season, "The Godfather" (2, 3) David Campbell
75%
1 of 3 American Ninja Warriors (7) Geoff Britten
75%
Wolfpack Member, Furthest Gone Seasons 5-6 (5) Brian Arnold
74%
Season 6 Rookie of the Year "The Bull" (7) Kevin Bull
73%
"The Beast" (3, 5) James McGrath
68%
Season 10 Rookie of the Year "The Kid" (11) Mathis Owhadi
68%
Fiance of Jesse Labreck (11) Chris DiGangi
65%
1 of 3 American Ninja Warriors "The Real Life Ninja" (7, 8, 10, 11) Drew Drechsel
64%
Furthest Gone Season 4 (2, 4) Brent Steffensen
61%
Wolfpack Member (7) Ian Dory
60%
"The Maker" (11) Kevin Carbone
58%
"The Fast Kat" (11) Karsten Williams
56%
"The Rock Solid Ninja" (11) Adam Rayl
53%
Has Competed Every Season (3, 11) Ryan Stratis
53%
"The Ageless Wonder" (5) Travis Rosen
51%
"The Natural" (6) Elet Hall
50%
"The Rock N' Roll Ninja" (11) RJ Roman
50%
"The Daredevil" (11) Ethan Swanson
44%
"Mr. Consistency" (2, 3) Paul Kasemir
44%
"The Dream Chaser" (11) Tyler Gillett
43%
(1) Levi Meeuwenberg
40%
"The Lizard" (11) Hunter Guerard
38%
Fell on First Obstacle of Stage 3 (5) Idoko Abuh
36%
Motivational Speaker (7) Abel Gonzalez
35%
Did Not Need Safety Pass (11) Michael Torres
35%
"IllumiNate" (11) Nate Burkhalter
35%
(7) Jeremiah Morgan
34%
(2) Brian Orosco
33%
"The Iron Ninja" (11) Josh Salinas
31%
Alabama Native with an Inspiring Grandfather (11) Casey Suchocki
28%
"Big Red" (11) Seth Rogers
28%
Competed for Only One Season (5) Casey Finley
26%
(11) Lucas Reale
23%
(11) Tyler Smith
23%
(5) Travis Weinand
20%
(11) Karson Voiles
18%
No matching quizzes found
Score Distribution
Percent of People with Each Score
Percentile by Number Answered
Your Score History
You have not taken this quiz